[Event "BCF-chT4S 1617 (4NCL)"]
[Site "England"]
[Date "2017.01.14"]
[Round "3.71"]
[White "Pafura, Godfrey"]
[Black "Willmoth, Robert"]
[Result "0-1"]
[WhiteElo "1979"]
[BlackElo "2245"]
[PlyCount "76"]
[EventDate "2016.11.26"]
[EventType "team-swiss"]
[EventRounds "11"]
[EventCountry "ENG"]
[SourceTitle "EXT 2019"]
[Source "ChessBase"]
[SourceDate "2018.10.10"]
[SourceVersion "1"]
[SourceVersionDate "2018.10.10"]
[SourceQuality "1"]
[WhiteTeam "Throw in the Tal"]
[BlackTeam "Barnet Knights"]
[WhiteTeamCountry "ENG"]
[BlackTeamCountry "ENG"]

1. d4 d6 2. Nf3 Bg4 3. e4 Nf6 4. Bd3 Nbd7 5. 0-0 e5 6. c3 Be7 7. Re1 0-0 8. Nbd2 c6 9. Nf1 Re8 10. Ng3 Bf8 11. h3 Bxf3 12. Qxf3 g6 13. Bg5 Bg7 14. Rad1 exd4 15. cxd4 Qa5 16. Bd2 Qxa2 17. Bc3 Qe6 18. e5 Nd5 19. Bc4 dxe5 20. dxe5 Nxe5 21. Bxe5 Bxe5 22. Qb3 Qc8 23. Ne4 Qc7 24. Bxd5 cxd5 25. Rxd5 Bg7 26. Qa4 Re7 27. Red1 Rae8 28. Ng3 a6 29. Qb3 Re1+ 30. Nf1 Rxd1 31. Rxd1 b5 32. Ne3 Qc6 33. Nd5 Qc4 34. Qa3 Qe2 35. Rb1 Bd4 36. Rf1 Qd2 37. Qxa6 Re1 38. Qxb5 Qxf2+ 0-1

[Event "BCF-ch Week1 PM op"]
[Site "Bournemouth"]
[Date "2016.07.29"]
[Round "5"]
[White "Ahluwalia, Amardip"]
[Black "Pafura, Godfrey"]
[Result "0-1"]
[WhiteElo "1913"]
[BlackElo "2061"]
[PlyCount "95"]
[EventDate "2016.07.25"]
[EventType "swiss"]
[EventRounds "5"]
[EventCountry "ENG"]
[SourceTitle "CBM 173 Extra"]
[Source "ChessBase"]
[SourceDate "2016.08.29"]
[SourceVersion "1"]
[SourceVersionDate "2016.08.29"]
[SourceQuality "1"]

1. e4 c6 2. c4 d6 3. d4 Nf6 4. Nc3 g6 5. f3 Bg7 6. Be3 Nbd7 7. Bd3 0-0 8. Nge2 e5 9. d5 c5 10. Qd2 a6 11. g4 Rb8 12. h4 Ne8 13. h5 f6 14. hxg6 hxg6 15. Bh6 Rf7 16. Ng3 Nf8 17. 0-0-0 b5 18. g5 bxc4 19. Bxc4 fxg5 20. Bxg5 Qa5 21. Be2 Rfb7 22. b3 c4 23. Bxc4 Rc7 24. Nb1 Qb6 25. Na3 Bd7 26. Be3 Qb7 27. Ne2 a5 28. Nc3 a4 29. Qc2 axb3 30. axb3 Qb4 31. Ncb1 Nf6 32. Qc3 Qb7 33. Kd2 Nh5 34. Ke1 Be8 35. Qd2 Rf7 36. Qf2 Nh7 37. Qg2 Nf4 38. Bxf4 Rxf4 39. Nc2 Qa7 40. Qh3 Ng5 41. Qg3 Nxf3+ 42. Ke2 Qf7 43. Bd3 Rxb3 44. Rdf1 Rxd3 45. Kxd3 Bb5+ 46. Kc3 Bxf1 47. Rxf1 Nd4 48. Rxf4 0-1

[Event "Crawley e2e4 Gatwick Whitsun op"]
[Site "Crawley"]
[Date "2016.05.29"]
[Round "4"]
[White "Truman, Richard G"]
[Black "Pafura, Godfrey"]
[Result "1-0"]
[WhiteElo "1958"]
[BlackElo "2061"]
[PlyCount "85"]
[EventDate "2016.05.27"]
[EventType "swiss"]
[EventRounds "7"]
[EventCountry "ENG"]
[SourceTitle "CBM 172 Extra"]
[Source "ChessBase"]
[SourceDate "2016.06.21"]
[SourceVersion "1"]
[SourceVersionDate "2016.06.21"]
[SourceQuality "1"]

1. c4 Nf6 2. Nc3 g6 3. g3 Bg7 4. Bg2 0-0 5. d3 c6 6. Nf3 d5 7. 0-0 Nbd7 8. Bf4 Re8 9. Ne5 d4 10. Na4 Nh5 11. Nxc6 bxc6 12. Bxc6 Nxf4 13. Bxa8 Nh3+ 14. Kh1 Qc7 15. Qb3 Ne5 16. Bg2 Bg4 17. f3 Bd7 18. f4 Rb8 19. Qa3 Nc6 20. Nc5 Nb4 21. Nxd7 Qxd7 22. Rac1 a6 23. c5 Qe6 24. c6 Nd5 25. c7 Rc8 26. f5 gxf5 27. Bxh3 Ne3 28. Rf3 Qh6 29. Qxe7 Ng4 30. Qd8+ Bf8 31. Rg1 Qxh3 32. Rg2 Qh6 33. Qxc8 Qc1+ 34. Rg1 Qh6 35. h4 Ne5 36. Qxf5 Nxf3 37. c8Q Nxg1 38. Kxg1 Qd6 39. Qg4+ Kh8 40. Qf4 Qb4 41. Kf2 Kg8 42. Qg5+ Kh8 43. Qf6+ 1-0

[Event "Hastings Masters op 81st"]
[Site "Hastings"]
[Date "2006.01.06"]
[Round "10"]
[White "Longson, Sarah N"]
[Black "Pafura, Godfrey"]
[Result "0-1"]
[WhiteElo "1892"]
[BlackElo "2105"]
[PlyCount "104"]
[EventDate "2005.12.28"]
[EventType "swiss"]
[EventRounds "10"]
[EventCountry "ENG"]
[SourceTitle "CBM 110 Extra"]
[Source "ChessBase"]
[SourceDate "2006.03.10"]
[SourceVersion "2"]
[SourceVersionDate "2006.03.10"]
[SourceQuality "1"]

1. e4 c6 2. d3 d5 3. Nd2 Qc7 4. exd5 cxd5 5. d4 Nf6 6. Ngf3 Bg4 7. Bd3 e6 8. 0-0 Nc6 9. c3 Bd6 10. h3 Bh5 11. Re1 0-0 12. Nf1 a6 13. Bg5 Rac8 14. Rc1 Na5 15. g4 Bg6 16. Bxg6 hxg6 17. N3d2 b5 18. b3 Nh7 19. Bh4 f5 20. Rxe6 Ba3 21. Rc2 g5 22. Bg3 f4 23. Bh2 Nc6 24. Nb1 Bd6 25. Rce2 Nf6 26. Re1 Nd8 27. R6e2 Ne4 28. Rxe4 dxe4 29. Rxe4 Nf7 30. Qd3 Rfe8 31. Nfd2 Re7 32. f3 Rce8 33. Kf2 Qd7 34. Rxe7 Bxe7 35. Ne4 Rd8 36. b4 Qe6 37. Qe2 Re8 38. Qd2 Qh6 39. Kg2 Nd6 40. Qd3 Qe6 41. d5 Qe5 42. Bg1 Nxe4 43. fxe4 f3+ 44. Kxf3 Bd6 45. Kg2 Qxe4+ 46. Qxe4 Rxe4 47. Bc5 Bf4 48. a4 bxa4 49. Na3 Re5 50. d6 Rd5 51. Nc4 Bxd6 52. Be3 Be7 0-1

[Event "Hastings Masters op 81st"]
[Site "Hastings"]
[Date "2005.12.30"]
[Round "3"]
[White "Pafura, Godfrey"]
[Black "Singh, Gurpreetpal"]
[Result "1-0"]
[WhiteElo "2105"]
[BlackElo "2286"]
[PlyCount "53"]
[EventDate "2005.12.28"]
[EventType "swiss"]
[EventRounds "10"]
[EventCountry "ENG"]
[SourceTitle "CBM 110 Extra"]
[Source "ChessBase"]
[SourceDate "2006.03.10"]
[SourceVersion "2"]
[SourceVersionDate "2006.03.10"]
[SourceQuality "1"]

1. d4 c5 2. c3 e6 3. Nf3 Nf6 4. Bg5 Be7 5. e3 b6 6. Bd3 Bb7 7. Bxf6 Bxf6 8. 0-0 0-0 9. Nbd2 d6 10. Re1 Nd7 11. e4 Qc7 12. e5 Be7 13. Rc1 Rfd8 14. Qe2 Rac8 15. Rcd1 cxd4 16. cxd4 dxe5 17. Nxe5 Nf8 18. Qh5 g6 19. Qg4 Bf6 20. Ndf3 Qe7 21. a3 Bd5 22. h4 Bg7 23. Qf4 Bb3 24. Rc1 f6 25. Nc6 Qc7 26. Qxc7 Rxc7 27. Nxd8 1-0